00629nam a22001937a 450000500170000001000300001702000260004703500130007303500170008603700250010303700130012808200110014110000210015224500900017326000490026327000520031230000210036450000500038520150616111958.0 aBAC-EN21 ENG-111490 a9789384544065c399.00 aEN-95022 aB-583957-972 adplbPansy Books/Ven bDBAD/PUB a342.54 aNariman, Fali S. aThe state of the nation :bin the context of India's constitution/cby Fali S.Nariman aNew DelhibHay House Publishersc2015(repr.) aPlot No. 3, B-2, Vasant KunjbNew Delhie110070 a416p.c22cm(pbk) aIncludes bibliographical references and index